000
00504nam a2200169Ia 4500
008
110201s9999 xx 000 0 und d
082
_b
B6655
_a
S 970
100
_a
शिरीष कणेकर
245
_a
गोतावळा
260
_b
मॅजेस्टिक प्रकाशन
365
_b
125
600
_a
शिरीष कणेकर
630
_a
गोतावळा
700
_a
शिरीष कणेकर
730
_a
गोतावळा
942
_c
BOOK
999
_c
832252
_d
832249